000
00269nam a2200121Ia 4500
008
211105s9999 xx 000 0 und d
020
_a
VYASA10872
100
_a
Ganapati S. V.
245
0
_a
Sama Veda
250
_a
\N
260
_b
Motilal banarsidass
_c
\N
300
_a
430p.
999
_c
396
_d
396